Score 0/16 Timer 04:00
0 Plays Today
Question Answer Wrong Answers
TV Show
Scrubs
Scrubs
93.7%
How I Met Your Mother
0.5%
Malcolm in the Middle
0.1%
Curb Your Enthusiasm
0.4%
TV Show
Malcolm in the Middle
Malcolm in the Middle
93.1%
How I Met Your Mother
1.1%
Scrubs
0.5%
Curb Your Enthusiasm
0.4%
TV Show
How I Met Your Mother
How I Met Your Mother
93.1%
Scrubs
0.6%
Malcolm in the Middle
0.4%
Curb Your Enthusiasm
0.7%
TV Show
Curb Your Enthusiasm
Curb Your Enthusiasm
91.7%
How I Met Your Mother
1.3%
Scrubs
0.6%
Malcolm in the Middle
0.9%
Actor
Zach Braff
Scrubs
88.2%
How I Met Your Mother
2.1%
Malcolm in the Middle
2.5%
Curb Your Enthusiasm
1.6%
Actor
Alyson Hannigan
How I Met Your Mother
86.6%
Scrubs
5.5%
Malcolm in the Middle
1.3%
Curb Your Enthusiasm
1%
Character
Marshall Erikson
How I Met Your Mother
83.2%
Scrubs
3.7%
Malcolm in the Middle
4.3%
Curb Your Enthusiasm
3.2%
Actor
Bryan Cranston
Malcolm in the Middle
80.5%
How I Met Your Mother
4.1%
Scrubs
2.5%
Curb Your Enthusiasm
7.3%
Character
Elliot Reid
Scrubs
79.6%
How I Met Your Mother
5.5%
Malcolm in the Middle
4.7%
Curb Your Enthusiasm
4.4%
Release
2000-present
Curb Your Enthusiasm
79.5%
How I Met Your Mother
5.9%
Scrubs
5.2%
Malcolm in the Middle
3.5%
Character
Reese
Malcolm in the Middle
73.7%
How I Met Your Mother
5.3%
Scrubs
11.6%
Curb Your Enthusiasm
3.8%
Character
Jeff Greene
Curb Your Enthusiasm
70.4%
How I Met Your Mother
6.4%
Scrubs
11.1%
Malcolm in the Middle
6.3%
Release
2005-2014
How I Met Your Mother
69%
Scrubs
12.7%
Malcolm in the Middle
6.1%
Curb Your Enthusiasm
6.2%
Release
2000-2006
Malcolm in the Middle
66.3%
How I Met Your Mother
5.7%
Scrubs
15.8%
Curb Your Enthusiasm
6.4%
Release
2001-2010
Scrubs
62.3%
How I Met Your Mother
11.7%
Malcolm in the Middle
14.4%
Curb Your Enthusiasm
5.9%
Actor
Cheryl Hines
Curb Your Enthusiasm
60.2%
How I Met Your Mother
9.3%
Scrubs
17.4%
Malcolm in the Middle
7.4%

Today's Daily Dose

Word Ladder
Willie Mays

Get the Picture
October Holidays

Remove Ads.
Support Sporcle.
Get the best of Sporcle when you Go Orange. This ad-free experience offers more features, more stats, and more fun while also helping to support Sporcle. Thank you for becoming a member.

You're not logged in!

Compare scores with friends on all Sporcle quizzes.
OR
Log In

Sporcle TV

Today on Sporcle TV


Watch our educational content, quiz creation guides, and fun videos on Sporcle TV.

Show Comments

Extras

Top Quizzes Today


Score Distribution

Paid Content

Your Account Isn't Verified!

In order to create a playlist on Sporcle, you need to verify the email address you used during registration. Go to your Sporcle Settings to finish the process.

Report this User

Report this user for behavior that violates our Community Guidelines.

Details: